Central Library OPAC University of Rajshahi

Sales management : (Record no. 15727)

MARC details
000 -LEADER
fixed length control field 00836cam a22002652 4500
001 - CONTROL NUMBER
control field 15727
003 - CONTROL NUMBER IDENTIFIER
rucl marc code BD-RjUL
005 - DATE AND TIME OF LATEST TRANSACTION
control field 20211208235856.0
008 - FIXED-LENGTH DATA ELEMENTS--GENERAL INFORMATION
fixed length control field 140210r19741969nju b 001 0 eng
035 ## - SYSTEM CONTROL NUMBER
System control number (BD-RjUL)15782
040 ## - CATALOGING SOURCE
Original cataloging agency DLC
Transcribing agency DLC
Modifying agency BD-RjUL
Language of cataloging eng
041 ## - LANGUAGE CODE
Language code of text/sound track or separate title eng
082 0# - DEWEY DECIMAL CLASSIFICATION NUMBER
Classification number 658.81
Edition number 19
Author mark and year STS 1974
100 1# - MAIN ENTRY--PERSONAL NAME
Personal name Still, Richard Ralph,
Dates associated with a name 1921-
9 (RLIN) 48526
245 10 - TITLE STATEMENT
Title Sales management :
Remainder of title decisions, policies, and cases /
Statement of responsibility, etc. Richard R. Still and Edward W. Cundiff.
250 ## - EDITION STATEMENT
Edition statement 2d ed.
260 ## - PUBLICATION, DISTRIBUTION, ETC. (IMPRINT)
Place of publication, distribution, etc. New Delhi :
Name of publisher, distributor, etc. Prentice-Hall,
Date of publication, distribution, etc. c1969 [Reprinted 1974].
300 ## - PHYSICAL DESCRIPTION
Pagination xxii, 698 p. :
Size 25 cm.
Illustrations ill. ;
504 ## - BIBLIOGRAPHY, ETC. NOTE
Bibliography, etc Includes bibliographical footnotes and index.
650 #0 - SUBJECT ADDED ENTRY--TOPICAL TERM
Topical term or geographic name as entry element Sales management.
9 (RLIN) 48009
700 1# - ADDED ENTRY--PERSONAL NAME
Personal name Cundiff, Edward W.
942 ## - ADDED ENTRY ELEMENTS (KOHA)
Source of classification or shelving scheme Dewey Decimal Classification
Koha item type Books
Holdings
Lost status Source of classification or shelving scheme Damaged status Not for loan Collection code Permanent Location Current Location Shelving location Date acquired Source of acquisition Total Checkouts Full call number Date last seen Copy number Koha item type
  Dewey Decimal Classification   Not For Loan Non-fiction Central Library, University of Rajshahi Central Library, University of Rajshahi Reading Room 10/07/1976 U.S.I.S.   658.81 STS 1974 10/02/2014 C-1 Books
  Dewey Decimal Classification     Non-fiction Central Library, University of Rajshahi Central Library, University of Rajshahi   10/07/1976 U.S.I.S Gift   658.81 STS 1974 16/01/2017 C-2 Books